Moderné logistické technológie vo vybranom podniku diplomová práca

Saved in:
Bibliographic Details
Main Author: Pašerba, Maroš
Corporate Author: Obchodná fakulta EU. Katedra marketingu
Other Authors: Daňo, Ferdinand, 1959-
Format: Book
Language:Slovak
Published: Bratislava 2016
Tags: Add Tag
No Tags, Be the first to tag this record!

MARC

LEADER 00000nbm a2200000 4500
001 0216680
005 20170112113213.2
041 0 |a slo 
044 |a SK 
245 1 0 |a Moderné logistické technológie vo vybranom podniku  |b diplomová práca  |c Maroš Pašerba ; školiteľ: Ferdinand Daňo 
264 1 |a Bratislava  |c 2016 
300 |a 97 s. 
100 1 |a Pašerba, Maroš 
700 1 |a Daňo, Ferdinand, 1959- 
710 2 |a Obchodná fakulta EU. Katedra marketingu